书目信息 |
| 题名: |
商标、标志图案资料
|
|
| 作者: | 卢世汉 编 | |
| 分册: | ||
| 出版信息: | 北京 人民美术出版社 1982 |
|
| 页数: | 163页 | |
| 开本: | 16cm | |
| 丛书名: | ||
| 单 册: | ||
| 中图分类: | J524.4 | |
| 科图分类: | ||
| 主题词: | 商标-图案--中国 , 标志-图案--中国 , 图案-标志--中国 , 图案-商标--中国 | |
| 电子资源: | ||
| ISBN: | ||
| 000 | 00703nam0 2200265 45 | |
| 001 | 0182007839 | |
| 005 | 20060810170304.53 | |
| 010 | @dCNY0.50 | |
| 091 | @aCN@b8027.7770 | |
| 100 | @a19950606d1982 em y0chiy0121 ea | |
| 101 | 0 | @achi |
| 102 | @aCN@b110000 | |
| 105 | @aa z 000yy | |
| 200 | 10 | @a商标、标志图案资料@Ashang biao、 biao zhi tu an zi liao@f卢世汉编 |
| 210 | @a北京@c人民美术出版社@d1982 | |
| 215 | @a163页@d16cm | |
| 606 | @a商标-图案@y中国 | |
| 606 | @a标志-图案@y中国 | |
| 606 | @a图案-标志@y中国 | |
| 606 | @a图案-商标@y中国 | |
| 690 | @aJ524.4@v3 | |
| 701 | 0 | @a卢世汉@Alu shi han@4编 |
| 801 | 2 | @aCN@bNLC@c20060810 |
| 801 | 0 | @aCN@bTSSF |
| 905 | @a10447@dJ524.4@e148 | |
| 商标、标志图案资料/卢世汉编.-北京:人民美术出版社,1982 |
| 163页;16cm |
| ISBN :CNY0.50 |
| ● |
| 相关链接 |
|
|
|
|
正题名:商标、标志图案资料
索取号:J524.4/148
 
预约/预借
| 序号 | 登录号 | 条形码 | 馆藏地/架位号 | 状态 | 备注 |
| 1 | 0455428 | 204554286 | 密集书库/ [索取号:J524.4/148] | 在馆 |